Statistics for Latest countries that disappeared or changed names

Click here to take the quiz!

General Stats

  • This quiz has been taken 64 times
  • The average score is 4 of 10

Answer Stats

Country% Correct
Soviet Union
96%
Yugoslavia
93%
Czechoslovakia
80%
East Germany
64%
South Vietnam
29%
Ottoman Empire
27%
Tibet
27%
Austro-Hungary
23%
United Arab Republic
5%
Sikkim
4%

Score Distribution

Percentile by Number Answered

Percent of People with Each Score

Your Score History

You have not taken this quiz